[Event "Novaya Ladoga"]
[Site "Novaya Ladoga"]
[Date "2007.07.08"]
[Round "4"]
[White "Shalaev, Nikolay"]
[Black "Karalkin, Maksim"]
[Result "1-0"]
[WhiteElo "2124"]
[BlackElo "2343"]
[PlyCount "125"]
[EventDate "2007.07.05"]
[EventType "tourn"]
[EventRounds "9"]
[EventCountry "RUS"]
[EventCategory "2"]
[SourceTitle "CBM 119 Extra"]
[Source "ChessBase"]
[SourceDate "2007.09.04"]
[SourceVersion "1"]
[SourceVersionDate "2007.09.04"]
[SourceQuality "1"]

1. d4 g6 2. g3 Nf6 3. Nf3 Bg7 4. Bg2 0-0 5. 0-0 d6 6. c4 Nbd7 7. Nc3 e5 8. Bg5 h6 9. dxe5 hxg5 10. exf6 Bxf6 11. Ne4 Bxb2 12. Rb1 Bg7 13. Nfxg5 Ne5 14. Qd5 Rb8 15. f4 Ng4 16. Qd3 b6 17. h3 Nf6 18. Nc3 Nd7 19. Bd5 Qf6 20. Nb5 Nc5 21. Qc2 a6 22. Nxc7 Bf5 23. e4 Bd7 24. e5 dxe5 25. Nxf7 Bf5 26. Nd6+ Kh8 27. Nxf5 gxf5 28. Bg2 e4 29. Nd5 Qd4+ 30. Kh2 b5 31. Qe2 Rbe8 32. Ne3 Re6 33. Rfd1 Nd3 34. cxb5 a5 35. Rb3 a4 36. Nxf5 Rxf5 37. Rbxd3 exd3 38. Qxe6 Rxf4 39. Qe8+ Kh7 40. Qh5+ Kg8 41. Qd5+ Kh8 42. Rxd3 Qxd5 43. Rxd5 Rb4 44. Rh5+ Kg8 45. h4 a3 46. Kh3 Kf7 47. Bd5+ Ke7 48. Bg8 Kf8 49. Be6 Ke7 50. Rg5 Bf6 51. Rg4 Rxb5 52. Bg8 Be5 53. Ra4 Bd6 54. g4 Rb2 55. g5 Kf8 56. Bb3 Rd2 57. h5 Ke7 58. h6 Rh2+ 59. Kg4 Bc5 60. Kf5 Rf2+ 61. Kg6 Rg2 62. h7 Be3 63. Re4+ 1-0

[Event "Novaya Ladoga"]
[Site "Novaya Ladoga"]
[Date "2007.07.07"]
[Round "3"]
[White "Karalkin, Maksim"]
[Black "Smirnov, Vladimir Sergeevich"]
[Result "1/2-1/2"]
[WhiteElo "2343"]
[BlackElo "2251"]
[PlyCount "91"]
[EventDate "2007.07.05"]
[EventType "tourn"]
[EventRounds "9"]
[EventCountry "RUS"]
[EventCategory "2"]
[SourceTitle "CBM 119 Extra"]
[Source "ChessBase"]
[SourceDate "2007.09.04"]
[SourceVersion "1"]
[SourceVersionDate "2007.09.04"]
[SourceQuality "1"]

1. e4 c6 2. d4 d5 3. Nc3 dxe4 4. Nxe4 Nd7 5. Ng5 Nb6 6. N1f3 g6 7. h4 Bg7 8. h5 h6 9. Ne4 g5 10. c3 Nf6 11. Nxf6+ Bxf6 12. Bd3 Bg4 13. Qe2 Qd5 14. Qe4 Qxe4+ 15. Bxe4 0-0-0 16. Be3 Nc4 17. 0-0-0 Rhe8 18. Rde1 Kc7 19. Kc2 e5 20. Nxe5 Bxe5 21. dxe5 Nxe3+ 22. Rxe3 Rxe5 23. f3 Be6 24. Rd3 Rxd3 25. Bxd3 c5 26. c4 b6 27. Kd2 Kd6 28. g3 Bd7 29. f4 gxf4 30. gxf4 Re8 31. Rg1 Ke6 32. Re1+ Kf6 33. Rxe8 Bxe8 34. Ke3 Ke6 35. Be4 f6 36. Bd5+ Kf5 37. Bf3 Bd7 38. Be2 Bc6 39. Bf3 Ba4 40. b3 Be8 41. Be2 a5 42. a4 Bf7 43. Bd1 Bg8 44. Be2 Ke6 45. Bg4+ Kd6 46. Ke4 1/2-1/2

[Event "St Petersburg White Nights op"]
[Site "St Petersburg"]
[Date "2007.06.27"]
[Round "3"]
[White "Karalkin, Maksim"]
[Black "Orlov, Oleg"]
[Result "1/2-1/2"]
[WhiteElo "2388"]
[BlackElo "2220"]
[PlyCount "110"]
[EventDate "2007.06.25"]
[EventType "swiss"]
[EventRounds "9"]
[EventCountry "RUS"]
[SourceTitle "CBM 119 Extra"]
[Source "ChessBase"]
[SourceDate "2007.09.04"]
[SourceVersion "1"]
[SourceVersionDate "2007.09.04"]
[SourceQuality "1"]

1. e4 c6 2. d4 d5 3. Nc3 dxe4 4. Nxe4 Nd7 5. Ng5 Ngf6 6. Bd3 e6 7. N1f3 Bd6 8. Qe2 h6 9. Ne4 Nxe4 10. Qxe4 Qc7 11. Qg4 g5 12. Qe4 c5 13. dxc5 Nxc5 14. Bb5+ Ke7 15. Qe2 a6 16. Bc4 b5 17. Bd5 Rb8 18. Nd4 Kf8 19. Bf3 e5 20. Nb3 Be6 21. Nxc5 Bxc5 22. h4 e4 23. Bxe4 Re8 24. hxg5 Bd5 25. Rh4 Qe5 26. Bd3 Qd6 27. Be4 Bxe4 28. Rxe4 Rxe4 29. Qxe4 hxg5 30. g3 Rh2 31. Bxg5 Bxf2+ 32. Kf1 Bxg3 33. Be3 Qf6+ 34. Kg1 Be5 35. Rd1 Rh3 36. Bc5+ Kg7 37. Qg4+ Qg6 38. Qxg6+ Kxg6 39. Bd4 Bf4 40. a4 Kf5 41. axb5 axb5 42. Bf2 Kg4 43. Rd5 b4 44. Rb5 Rf3 45. Rxb4 Kh3 46. Re4 Bh2+ 47. Kf1 Bg3 48. Re2 f5 49. c4 f4 50. c5 Rd3 51. c6 Rd1+ 52. Re1 Rd2 53. Re2 Rd1+ 54. Re1 Rd2 55. Re2 Rd1+ 1/2-1/2